My iPod touch® : Covers iPod touch Running iOS 5, Third Edition /

The iPod Touch is a unique devise in many ways. The most significant example of this is its Multi-touch interface that enables users to easily control the device and type with their fingers. It also includes sensors that automatically re-orient the screen display to match the orientation of the iPod...

Full description

Bibliographic Details
Main Author: Miser, Brad (Author)
Corporate Author: Safari, an O'Reilly Media Company
Format: eBook
Language:English
Published: Que, 2011.
Edition:3rd edition.
Subjects:
Online Access:Connect to this electronic resource

MARC

Tag First Indicator Second Indicator Subfields
LEADER 00000uam a2200000 a 4500
001 in00004254413
005 20260129164407.1
006 m o d
007 cr cn
008 080513s2011 xx o eng
020 |z 9780132831918 
020 |z 0789748940 
020 |z 9780789748942 
020 |z 0132831910 
035 |a (CaSebORM)9780132831918 
040 |d UtOrBLW 
041 0 |a eng 
100 1 |a Miser, Brad,  |e author.  |0 http://id.loc.gov/authorities/names/n94116991 
245 1 0 |a My iPod touch® :  |b Covers iPod touch Running iOS 5, Third Edition /  |c Miser, Brad. 
250 |a 3rd edition. 
264 1 |b Que,  |c 2011. 
300 |a 1 online resource (560 pages) 
336 |a text  |b txt  |2 rdacontent 
337 |a computer  |b c  |2 rdamedia 
338 |a online resource  |b cr  |2 rdacarrier 
347 |a text file 
520 |a The iPod Touch is a unique devise in many ways. The most significant example of this is its Multi-touch interface that enables users to easily control the device and type with their fingers. It also includes sensors that automatically re-orient the screen display to match the orientation of the iPod Touch, such as switching to landscape view when the user rotates the phone 90 degrees when watching video. All iPod Touch models include the applications Music, Videos, Photos, iTunes (providing access to the Wi-Fi Music Store), Safari, YouTube, Calendar, Contacts, Clock, Calculator, and Settings. Later models added Mail, Maps, Stocks, Notes, and Weather, which could also be added to the earlier models with the purchase of the iPhone 2.0 software upgrade for the iPod Touch. My iPod Touch , 3/e will include necessary coverage of iTunes to enable readers to manage the content on their iPod as well as purchase applications and customizing settings. In addition, readers will learn how to use every feature of their iPod Touch and receive expert advice on topics like customizing, peer to peer connectivity, running apps, using peripheral devices and more. This book will be fully updated for the latest iPod Touch release and will include new coverage on: multitasking, folders, Mail, iBooks, Calendar, iPod, Photos, Game Center, and iAd 
533 |a Electronic reproduction.  |b Boston, MA :  |c Safari,  |n Available via World Wide Web.  |d 2012. 
538 |a Mode of access: World Wide Web. 
542 |f Copyright © 2012 by Pearson Education, Inc.  |g 2012 
588 |a Online resource; Title from title page (viewed November 11, 2011) 
500 |a Electronic resource. 
655 7 |a Electronic books.  |2 local 
710 2 |a Safari, an O'Reilly Media Company. 
856 4 0 |u https://proxy.library.tamu.edu/login?url=https://go.oreilly.com/TAMU/library/view/-/9780132831918/?ar  |z Connect to this electronic resource  |t 0 
999 f f |s 4f624678-bbbb-3282-8838-41d2292eb1fe  |i f6d134db-8d07-32a2-8dc0-b2008a759dbf  |t 0 
952 f f |a Texas A&M University  |b College Station  |c Electronic Resources  |s www_evans  |d Available Online  |t 0  |h No information provided 
998 f f |t 0  |l Available Online